000 00843nam0a22002291 4500
001 rc\456449
005 20250621092332.0
035 _a(NLR Aleph) 005701076
090 _a7278055
_c7278055
100 _a20030616d1987 |||y0rusy50 ca
101 0 _arus
102 _aRU
105 _aa |||||||||
200 1 _aХижина дяди Тома
_eРоман
_eДля сред. и ст. шк. возраста
_fГарриет Бичер-Стоу
_g[Пер. с англ. Н. Волжиной
_gПослесл. А. Чиркова]
_gИл. А.А. Шоломий, А.М. Шоломия
210 _aКиев
_cРад. шк.
_d1987
215 _a366 с., [8] л. ил.
_d23
700 1 _aБичер-Стоу
_bГ.
_f1811-1896
_gГарриет
801 0 _aRU
_bNLR
_gpsbo
801 1 _aRU
_bELAR
_2rusmarc
852 _aNLR
_j87-5/1213
942 _cBOOK
980 _aNB